| 000 | 00339nam a22001457a 4500 | ||
|---|---|---|---|
| 003 | OSt | ||
| 005 | 20220221144626.0 | ||
| 008 | 220221b |||||||| |||| 00| 0 eng d | ||
| 020 | _a9788126547371 | ||
| 040 | _cHU | ||
| 082 |
_25th _a670 |
||
| 100 |
_aGroover _931031 |
||
| 245 | _aPrinciples Of Modern Manufacturing | ||
| 942 |
_2ddc _cBOOKS _n0 |
||
| 999 |
_c31050 _d31050 |
||